Resolución de problemas para la mejora continua. Una guía práctica para líderes educativos.

Gespeichert in:
Bibliographische Detailangaben
1. Verfasser: Mintrop, Rick (autor)
Weitere Verfasser: Órdenes, Miguel (autor)
Format: Unbekannt
Veröffentlicht: Santiago, Chile: Lom ediciones, 2021.
Ausgabe:1ª ed.
Schriftenreihe:Educación / Ciencias Sociales y Humanas.
Schlagworte:
Tags: Tag hinzufügen
Keine Tags, Fügen Sie den ersten Tag hinzu!

MARC

LEADER 00000 a2200000 4500
003 CL-VaPUC
005 20220718120305.0
008 220707t2021 ||||| |||| 00| 0 eng d
999 |c 436309  |d 436307 
020 |a 978-956-00-1438-2 
040 |c Pontificia Universidad Católica de Valparaíso 
082 |a 371.2 MIN 2021 
100 |a Mintrop, Rick  |9 871361  |e autor 
245 |a Resolución de problemas para la mejora continua.  |b Una guía práctica para líderes educativos. 
250 |a 1ª ed. 
260 |a Santiago, Chile:  |b Lom ediciones,  |c 2021. 
300 |a 308 páginas. 
490 |a Educación / Ciencias Sociales y Humanas. 
583 |k Cristina María Rojas Aguilar  |c 20220707 
650 |a Programa de mejora escolar  |9 872384 
650 |a Innovaciones educativas  |9 872385 
700 |a Órdenes, Miguel   |e autor  |9 872370 
942 |2 ddc  |c BK 
952 |0 0  |1 0  |2 ddc  |4 0  |6 371_200000000000000_MIN_2021  |7 0  |8 A  |9 584508  |a BIBTEO  |b BIBTEO  |c GEN  |d 2022-07-07  |e 62  |g 17000.34  |i 5652697  |o 371.2 MIN 2021  |p 5652697  |r 2025-01-17  |t 1  |v 17000.34  |w 2022-07-07  |y BK  |k ICR